Statistics for Battle cats normal units

Click here to take the quiz!

General Stats

  • This quiz has been taken 185 times
    (37 since last reset)
  • The average score is 22 of 30

Answer Stats

Cat, formAnswer% Correct
1st Cat, 1stCat
97%
2nd Cat, 1stTank Cat
97%
2nd Cat, 2ndWall Cat
97%
6th Cat, 1stBird Cat
94%
9th Cat, 1stTItan Cat
94%
3rd Cat, 1stAxe Cat
91%
1st Cat, 2ndMacho Cat
91%
6th Cat, 2ndUFO Cat
88%
8th Cat, 1stLizard Cat
84%
2nd Cat, 3rdEraser Cat
81%
7th Cat, 1stFish Cat
81%
8th Cat, 2ndDragon Cat
78%
1st Cat, 3rdMohawk Cat
78%
4th Cat, 2ndSexy Legs Cat
78%
4th Cat, 1stGross Cat
75%
7th Cat, 3rdIsland Cat
75%
5th Cat, 1stCow Cat
72%
5th Cat, 2ndGiraffe Cat
72%
5th Cat, 3rdLion Cat
69%
4th Cat, 3rdMacho Leg Cat
69%
7th Cat, 2ndWhale Cat
66%
3rd Cat, 3rdDark Cat
63%
3rd Cat, 2ndBrave Cat
59%
8th Cat, 3rdKing Dragon Cat
59%
10th Cat, 1stSuperfeline Cat
59%
9th Cat, 3rdJamiera Cat
56%
9th Cat, 2ndMythical Titan Cat
47%
6th Cat, 3rdThe Flying Cat
41%
10th Cat, 2ndSuperfeline II
28%
10th Cat, 3rdTrue Superfeline
28%

Score Distribution

Percentile by Number Answered

Percent of People with Each Score

Your Score History

You have not taken this quiz since the last reset